| 000 | 00940cam a2200241 a 4500 | ||
|---|---|---|---|
| 005 | 20131031052951.0 | ||
| 008 | 990519s1999 enk l 000 0 eng | ||
| 020 | _a0198765541 | ||
| 041 | 0 | _aeng | |
| 080 |
_a330/342 _x(094.4) |
||
| 245 | 0 | 0 |
_aBasic community laws / _cedited by Bernard Rudden and Derrek Wyatt. |
| 250 | _a7th ed. | ||
| 260 |
_aOxford ; _aNew York : _bOxford University Press, _c1999. |
||
| 300 |
_axxiv, 380 p. ; _c25 cm. |
||
| 500 | _aPreface to seventh edition : f. [I] | ||
| 650 | 0 |
_aLigji _zVendet e Bashkimit Europian |
|
| 700 | 1 | _aRudden, Bernard. | |
| 700 | 1 | _aWyatt, Derrick. | |
| 856 | 4 | 2 |
_3Publisher description _uhttp://www.loc.gov/catdir/enhancements/fy0638/99016149-d.html |
| 856 | 4 | 1 |
_3Table of contents only _uhttp://www.loc.gov/catdir/enhancements/fy0638/99016149-t.html |
| 856 | 4 | 2 |
_3Contributor biographical information _uhttp://www.loc.gov/catdir/enhancements/fy0725/99016149-b.html |
| 942 |
_2udc _cBK |
||
| 999 |
_c231 _d231 |
||